Essentials of economics / (Record no. 2089)

000 -LEADER
fixed length control field 00983cam a2200313 a 4500
001 - CONTROL NUMBER
control field 17150911
003 - CONTROL NUMBER IDENTIFIER
control field OSt
005 - DATE AND TIME OF LATEST TRANSACTION
control field 20161102103659.0
008 - FIXED-LENGTH DATA ELEMENTS--GENERAL INFORMATION
fixed length control field 120206s2013 maua 001 0 eng
010 ## - LIBRARY OF CONGRESS CONTROL NUMBER
LC control number 2012003950
020 ## - INTERNATIONAL STANDARD BOOK NUMBER
International Standard Book Number 9780133035865
020 ## - INTERNATIONAL STANDARD BOOK NUMBER
International Standard Book Number 0132826933 (pbk.)
040 ## - CATALOGING SOURCE
Original cataloging agency DLC
Transcribing agency DLC
042 ## - AUTHENTICATION CODE
Authentication code pcc
050 00 - LIBRARY OF CONGRESS CALL NUMBER
Classification number HB171.H83 2013
082 00 - DEWEY DECIMAL CLASSIFICATION NUMBER
Classification number 330
Edition number 23
100 1# - MAIN ENTRY--PERSONAL NAME
Personal name Hubbard, R. Glenn.
245 10 - TITLE STATEMENT
Title Essentials of economics /
Statement of responsibility, etc R. Glenn Hubbard, Anthony Patrick O'Brien.
250 ## - EDITION STATEMENT
Edition statement 3rd ed.
260 ## - PUBLICATION, DISTRIBUTION, ETC. (IMPRINT)
Place of publication, distribution, etc Boston :
Name of publisher, distributor, etc Pearson,
Date of publication, distribution, etc c2013.
300 ## - PHYSICAL DESCRIPTION
Extent xlix, 666 p. :
Other physical details col. ill. ;
Dimensions 29 cm.
440 ## - SERIES STATEMENT/ADDED ENTRY--TITLE
Title The Pearson Series in Economics
500 ## - GENERAL NOTE
General note Includes indexes.
650 #0 - SUBJECT ADDED ENTRY--TOPICAL TERM
Topical term or geographic name as entry element Economics.
700 1# - ADDED ENTRY--PERSONAL NAME
Personal name O'Brien, Anthony Patrick.
906 ## - LOCAL DATA ELEMENT F, LDF (RLIN)
a 7
b cbc
c orignew
d 1
e ecip
f 20
g y-gencatlg
942 ## - ADDED ENTRY ELEMENTS (KOHA)
Source of classification or shelving scheme
Koha item type Book
Holdings
Withdrawn status Lost status Source of classification or shelving scheme Damaged status Not for loan Home library Current library Shelving location Date acquired Total Checkouts Full call number Barcode Date last seen Date checked out Copy number Price effective from Koha item type
          Riara University Library Riara University Library General stack 20/04/2016 3 HB171.H83 2013 6337/15 25/06/2021 25/06/2021 C.1 20/04/2016 Book

Riara University Library,
P.O. Box 49940-00100,
Nairobi, Kenya.